| LEADER | 02028nam a2200253 4500 | ||
|---|---|---|---|
| 082 | |a 959.7044 |b TR120B | ||
| 100 | |a Trần Bá Đệ | ||
| 245 | |a Lịch sử Việt Nam từ 1975 đến nay |c Trần Bá Đệ |b Những vấn đề lý luận và thực tiễn của CNXH ở Việt Nam | ||
| 260 | |a H. |b Đại học Quốc gia |c 1997 | ||
| 300 | |a 125tr. |c 21cm | ||
| 520 | |a vv | ||
| 653 | |a Lịch sử | ||
| 653 | |a Việt Nam | ||
| 653 | |a Thế kỉ 20 | ||
| 942 | |2 ddc |c STK0 | ||
| 999 | |c 3744 |d 3744 | ||
| 952 | |0 0 |1 0 |2 ddc |4 0 |6 959_704400000000000_TR120B |7 1 |8 900 |9 38554 |a qbu |b qbu |c D5 |d 2014-12-17 |g 9000 |o 959.7044 TR120B |p 4131.C1 |r 0000-00-00 |w 2014-12-17 |y STK0 |0 0 |6 959_704400000000000_TR120B | ||
| 952 | |0 0 |1 0 |2 ddc |4 0 |6 959_704400000000000_TR120B |7 0 |8 900 |9 38555 |a qbu |b qbu |c D5 |d 2014-12-17 |g 9000 |o 959.7044 TR120B |p 4131.C2 |r 0000-00-00 |w 2014-12-17 |y STK0 |0 0 |6 959_704400000000000_TR120B | ||
| 952 | |0 0 |1 0 |2 ddc |4 0 |6 959_704400000000000_TR120B |7 0 |8 900 |9 38556 |a qbu |b qbu |c D5 |d 2014-12-17 |g 9000 |l 1 |o 959.7044 TR120B |p 4131.C3 |r 2019-01-16 |s 2019-01-03 |w 2014-12-17 |y STK0 |0 0 |6 959_704400000000000_TR120B | ||
| 952 | |0 0 |1 0 |2 ddc |4 0 |6 959_704400000000000_TR120B |7 0 |8 900 |9 38557 |a qbu |b qbu |c D5 |d 2014-12-17 |g 9000 |o 959.7044 TR120B |p 4131.C4 |r 0000-00-00 |w 2014-12-17 |y STK0 |0 0 |6 959_704400000000000_TR120B | ||
| 952 | |0 0 |1 0 |2 ddc |4 0 |6 959_704400000000000_TR120B |7 0 |8 900 |9 38558 |a qbu |b qbu |c D5 |d 2014-12-17 |g 9000 |o 959.7044 TR120B |p 4131.C5 |r 0000-00-00 |w 2014-12-17 |y STK0 |0 0 |6 959_704400000000000_TR120B | ||
| 952 | |0 0 |1 0 |2 ddc |4 0 |6 959_704400000000000_TR120B |7 0 |8 900 |9 38559 |a qbu |b qbu |c D5 |d 2014-12-17 |g 9000 |o 959.7044 TR120B |p 4131.C6 |r 0000-00-00 |w 2014-12-17 |y STK0 |0 0 |6 959_704400000000000_TR120B | ||
| 952 | |0 0 |1 0 |2 ddc |4 0 |6 959_704400000000000_TR120B |7 0 |8 900 |9 38560 |a qbu |b qbu |c D5 |d 2014-12-17 |g 9000 |o 959.7044 TR120B |p 4131.C7 |r 0000-00-00 |w 2014-12-17 |y STK0 |0 0 |6 959_704400000000000_TR120B | ||
| 952 | |0 0 |1 0 |2 ddc |4 0 |6 959_704400000000000_TR120B |7 0 |8 900 |9 38561 |a qbu |b qbu |c D5 |d 2014-12-17 |g 9000 |o 959.7044 TR120B |p 4131.C8 |r 0000-00-00 |w 2014-12-17 |y STK0 |0 0 |6 959_704400000000000_TR120B | ||